000 00667nam a2200217 a 4500
005 20240228063848.0
008 031023s2000 mx r 000 0 spa d
020 _a9681662334
035 _aUPN01000130350
049 _aI
050 4 _aPZ71
_bL3.4
100 1 _aLairla, Sergio
245 1 3 _aLa carta de la señora González /
_cSergio Lairla ; il. Ana G. Lartitegui.
260 _aMéxico :
_bFCE,
_c2000.
300 _a35 p. :
_bprincipalmente il. col.
440 4 _aLos especiales de a la orilla del viento
650 4 _aCuentos infantiles
_96744
650 4 _aLibros y lectura para niños
_92290
700 1 _aLartitegui, Ana G.,
_eil.
905 _aInfantil
999 _c102507
_d102507